Rokovania vrcholia. Tender je vyhlásený
Vyhlásenie tendra na realizátora peoplemetrového merania sledovanosti televízie na Slovensku. Rozhodujúce kritériá pre posudzovanie ponúk.
Salvato in:
| Autore principale: | |
|---|---|
| Natura: | Capitolo di libro |
| Lingua: | slovacco |
| Soggetti: | |
| Tags: |
Nessun Tag, puoi essere il primo ad aggiungerne!!
|
MARC
| LEADER | 00000naa a2200000 4500 | ||
|---|---|---|---|
| 001 | r047545 | ||
| 005 | 20231003075932.0 | ||
| 041 | 0 | |a slo | |
| 044 | |a SK | ||
| 245 | 1 | 0 | |a Rokovania vrcholia. Tender je vyhlásený |c Roberta Ťapušíková |
| 520 | |a Vyhlásenie tendra na realizátora peoplemetrového merania sledovanosti televízie na Slovensku. Rozhodujúce kritériá pre posudzovanie ponúk. | ||
| 610 | 2 | 0 | |a peoplemetre |
| 610 | 2 | 0 | |a Slovensko |
| 100 | 1 | |a Ťapušíková, Roberta | |